Reflexiones sobre la ética de la intrusa desde la perspectiva de Salvador Giner /

Uloženo v:
Podrobná bibliografie
Hlavní autor: Salom Echeverría, Roberto
Médium: Text
Témata:
Tagy: Přidat tag
Žádné tagy, Buďte první, kdo vytvoří štítek k tomuto záznamu!

MARC

LEADER 00000 a a2200000 04500
001 13642
003
040
100 |a Salom Echeverría, Roberto  
245 |a Reflexiones sobre la ética de la intrusa desde la perspectiva de Salvador Giner /  |c Roberto Salom Echeverría 
650 |a CIENCIAS SOCIALES  
650 |a SECULARIZACION  
650 |a ETICA  
650 |a MORAL  
650 |a SOCIOLOGIA  
773 |g volumen 81, número 2; páginas 91-94  
999 |c 35485  |d 35485